000 00833nam a2200253Ia 4500
003 OSt
005 20220926015001.0
006 a|||||r|||| 00| 0
007 ta
008 220923b |||||||| |||| 00| 0 eng d
020 _a0870142267
037 _cGeneral Book
040 _aRTL
_cRTL
_beng
041 _2eng
_aeng
082 _aX9(D3):74.73.N7, L6
100 _aCottlieb Manuel
_9321396
245 0 _aLong swings in urban development
260 _aNew York
_bNational Bureau of Economic Research U. S. A.
_c1976
300 _axxiv, 360p. Bibliography p.345-56; Appendix p.253-344
_ccm.
490 _aNational Bureau of Economic Research, Urban and Regional Studies. 4.
650 _aHousing Industry
_9231829
942 _hX9(D3):74.73.N7, L6
_cGB
_2CC
999 _c630288
_d630288